000 00598nam a2200229Ia 4500
003 OSt
005 20221005124946.0
006 a|||||r|||| 00| 0
007 ta
008 221004b |||||||| |||| 00| 0 eng d
024 _a56949
037 _cTextual
040 _aCRL
_cCRL
_beng
041 _2eng
_aeng
082 _aV2:1:M5, A12
100 _aResident There Many Years, Pseud.
_9636024
245 0 _aObservations on India
260 _c1871
650 _aHISTORY
942 _hV2:1:M5, A12
_cTEXL
_2cc
999 _c1052244
_d1052244